| 000 | 00406nam a2200157Ia 4500 | ||
|---|---|---|---|
| 008 | 210210b1978 xxu||||| |||| 00| 0 eng d | ||
| 020 | _a0 240 50972 2 | ||
| 082 | _a778.92 TRAF | ||
| 100 | _aTRAPMORE (Alison). | ||
| 245 | _aFocal guide to photographing people. | ||
| 260 |
_aLondon _bFocal Press _c1978 |
||
| 300 | _a208 | ||
| 650 | _aPhotographing people | ||
| 690 | _aPhotography | ||
| 906 | _aSG01633 | ||
| 999 |
_c112748 _d112748 |
||